[Event "Lions Cup Utrecht"]
[Site "SchemingMind.com"]
[Date "2013.10.05"]
[Round "-"]
[White "Juan Jose Rivas Maceda"]
[Black "jsummers"]
[Result "1-0"]
[WhiteCountry "PER"]
[BlackCountry "USA"]
[WhiteElo "2465"]
[WhiteRD "75"]
[BlackElo "2060"]
[BlackRD "102"]
[GameID "339641"]

1. d4 d5 2. c4 e6 3. Nf3 Nc6 4. e3 Nf6 5. Nc3 a6 6. a3 Be7 7. Qc2 O-O 8. b4 Na7 9. Bb2 Bd7 10. Ne5 dxc4
11. Bxc4 Bb5 12. Nxb5 Nxb5 13. Bd3 c6 14. O-O h6 15. Rfd1 a5 16. a4 Nd6 17. bxa5 Qxa5 18. Bc3 Qc7 19. a5 Nb5 20. Bxb5 cxb5
21. Qb2 Rac8 22. Rdc1 Qd6 23. Qxb5 Qa6 24. Qxa6 bxa6 25. Bd2 Bd6 26. Nc4 Be7 27. Nb6 Rxc1+ 28. Rxc1 Ne4 29. Be1 Rb8 30. Rc6 Nd6
31. Kf1 Kh7 32. d5 Rd8 33. dxe6 fxe6 34. Na4 Rc8 35. Rxa6 Rc2 36. Bb4 Rc4 37. Bxd6 Bxd6 38. Rxd6 Rxa4 39. a6 e5 40. Ke2 h5
41. Kd3 Kg8 42. Kc3 h4 43. Kb3 Ra1 44. Kb4 Ra2 45. Kb5 Kf7 46. Rd7+
1-0

[Event "Lions Cup Utrecht"]
[Site "SchemingMind.com"]
[Date "2013.10.05"]
[Round "-"]
[White "jsummers"]
[Black "Juan Jose Rivas Maceda"]
[Result "0-1"]
[WhiteCountry "USA"]
[BlackCountry "PER"]
[WhiteElo "2060"]
[WhiteRD "102"]
[BlackElo "2465"]
[BlackRD "75"]
[GameID "339642"]

1. e4 c5 2. Nc3 a6 3. Nf3 b5 4. d4 e6 5. Bg5 Qc7 6. Be2 h6 7. Be3 Bb7 8. O-O cxd4 9. Bxd4 Nc6 10. e5 Nge7
11. Bxb5 Nxd4 12. Nxd4 Ng6 13. Ba4 Nxe5 14. Re1 Bd6 15. Ndb5 axb5 16. Nxb5 Rxa4 17. Qxd6 Qc6 18. Qxc6 Nxc6 19. Nd6+ Ke7 20. Nxb7 Rc4
21. b3 Rxc2 22. Rec1 Rxc1+ 23. Rxc1 Ra8 24. a4 Nd4 25. Rc4 Nxb3 26. Rb4 Rc8 27. h4 Rc1+ 28. Kh2 Nd2 29. Rd4 Nc4 30. h5 d5
31. Nc5 Kd6 32. Nb7+ Kc7 33. Nc5 Kc6 34. Nd3 Rc3 35. Ne1 e5 36. Rd3 Rxd3 37. Nxd3 e4 38. Nf4 d4 39. Ne2 d3 40. Nc3 d2
41. Kg3 Nb2 42. Kf4 d1=Q
0-1

[Event "Lions Cup Utrecht"]
[Site "SchemingMind.com"]
[Date "2013.10.26"]
[Round "-"]
[White "smothered mate"]
[Black "Juan Jose Rivas Maceda"]
[Result "0-1"]
[WhiteCountry "POL"]
[BlackCountry "PER"]
[WhiteElo "1923"]
[WhiteRD "72"]
[BlackElo "2429"]
[BlackRD "79"]
[GameID "340793"]

1. e4 e5 2. Nf3 Nc6 3. Bc4 Nf6 4. d4 exd4 5. Ng5 d5 6. exd5 Qe7+ 7. Kf1 Ne5 8. Qxd4 Nxc4 9. Qxc4 Qc5 10. Qe2+ Be7
11. Nc3 Nxd5 12. Nce4 Qc6 13. c4 Nf6 14. b3 h6
0-1

[Event "Lions Cup Utrecht"]
[Site "SchemingMind.com"]
[Date "2013.10.26"]
[Round "-"]
[White "smothered mate"]
[Black "jsummers"]
[Result "0-1"]
[WhiteCountry "POL"]
[BlackCountry "USA"]
[WhiteElo "1973"]
[WhiteRD "74"]
[BlackElo "2118"]
[BlackRD "118"]
[GameID "340794"]

1. e4 d6 2. d4 e5 3. Nf3 Bg4 4. dxe5 Nc6 5. Bb5 dxe5 6. O-O Qxd1 7. Rxd1 Bxf3 8. gxf3 Ne7 9. Nc3 a6 10. Ba4 b5
11. Nd5 Nxd5 12. exd5 Nd4 13. Bb3 Nxf3+ 14. Kg2 e4 15. Bf4 Bd6 16. Bxd6 cxd6 17. c4 Kd7 18. Bc2 f5 19. b3 Ne5 20. Rg1 Rhc8
21. Kh3 g6 22. Rac1 bxc4 23. bxc4 Rxc4 24. Bb3 Rc5 25. Ba4+ Kc7 26. Rgd1 Nd3 27. Rxc5+ dxc5 28. Rd2 Kd6 29. Bc6 Rb8
0-1

[Event "Lions Cup Utrecht"]
[Site "SchemingMind.com"]
[Date "2013.10.26"]
[Round "-"]
[White "Juan Jose Rivas Maceda"]
[Black "smothered mate"]
[Result "1-0"]
[WhiteCountry "PER"]
[BlackCountry "POL"]
[WhiteElo "2429"]
[WhiteRD "79"]
[BlackElo "1923"]
[BlackRD "72"]
[GameID "340795"]

1. e4 c5 2. c4 Nc6 3. f4 e5 4. d3 Nf6 5. Be2 Bd6 6. f5 Nd4 7. Nc3 g6 8. Nf3 gxf5 9. exf5 Nxf5 10. O-O Nd4
11. Nxd4 cxd4 12. Bg5 Be7 13. Bxf6 Bxf6 14. Ne4 Be7 15. Bh5 O-O 16. Bxf7+ Rxf7 17. Rxf7 Kxf7 18. Qh5+ Kg8 19. Rf1
1-0

[Event "Lions Cup Utrecht"]
[Site "SchemingMind.com"]
[Date "2013.10.26"]
[Round "-"]
[White "jsummers"]
[Black "smothered mate"]
[Result "1-0"]
[WhiteCountry "USA"]
[BlackCountry "POL"]
[WhiteElo "2128"]
[WhiteRD "137"]
[BlackElo "1969"]
[BlackRD "77"]
[GameID "340796"]

1. e4 c5 2. Nf3 d6 3. Bc4 Nc6 4. O-O Nf6 5. d3 h6 6. Nc3 e6 7. d4 cxd4 8. Nxd4 Be7 9. Be3 O-O 10. h3 d5
11. exd5 exd5 12. Bb3 Be6 13. Re1 Qd7 14. a3 Rac8 15. Qf3 Ne5 16. Qg3 Ng6 17. Nxe6 fxe6 18. Qxg6
1-0

[Event "Lions Cup Utrecht"]
[Site "SchemingMind.com"]
[Date "2013.11.08"]
[Round "-"]
[White "Greg Magne"]
[Black "Juan Jose Rivas Maceda"]
[Result "0-1"]
[WhiteCountry "CAN"]
[BlackCountry "PER"]
[WhiteElo "1875"]
[WhiteRD "79"]
[BlackElo "2465"]
[BlackRD "75"]
[GameID "341292"]

1. d4 d5 2. c4 e6 3. Nc3 Nf6 4. Nf3 dxc4 5. e3 a6 6. Bxc4 c5 7. O-O b5 8. Bb3 Bb7 9. Qe2 Nbd7 10. e4 cxd4
11. Nxd4 Bc5 12. Rd1 Qb6 13. Be3 O-O 14. f3 Ne5 15. Kh1 Rfd8 16. Nc2 Rac8 17. Bxc5 Qxc5 18. Rxd8+ Rxd8 19. Rd1 Rxd1+ 20. Qxd1 h6
21. Qd4 Nfd7 22. a3 h5 23. Ba2 h4 24. Qxc5 Nxc5 25. Ne3 Ncd3 26. Ncd1 h3 27. Bb1 Ne1 28. f4 N5d3 29. Nc3 Nxf4 30. gxh3 Nxh3
31. Ng2 Nf3 32. Ne3 Nd2 33. Bc2 f5 34. Kg2 Ng5 35. Kg3 Ngxe4+ 36. Nxe4 Bxe4 37. Kf4 Kf7
0-1

[Event "Lions Cup Utrecht"]
[Site "SchemingMind.com"]
[Date "2013.11.03"]
[Round "-"]
[White "Greg Magne"]
[Black "smothered mate"]
[Result "0-1"]
[WhiteCountry "CAN"]
[BlackCountry "POL"]
[WhiteElo "1883"]
[WhiteRD "73"]
[BlackElo "1973"]
[BlackRD "74"]
[GameID "341293"]

1. d4 Nf6 2. c4 c5 3. d5 b5 4. cxb5 a6 5. bxa6 g6 6. Nc3 Bg7 7. e4 d6 8. f4 Nfd7 9. Nf3 O-O 10. Be3 Bxa6
11. Bxa6 Nxa6 12. O-O Qb6 13. Qd2 Rfb8 14. Rab1 Qa5 15. a3 Rb3 16. Rfc1 Rab8 17. Nd1 Qb5 18. e5 Rd3 19. Qc2 Qb3 20. e6 fxe6
21. dxe6 Nf8 22. Qe2 Nxe6 23. Ne1 Rxe3 24. Qxe3 Bd4
0-1

[Event "Lions Cup Utrecht"]
[Site "SchemingMind.com"]
[Date "2013.11.03"]
[Round "-"]
[White "Greg Magne"]
[Black "jsummers"]
[Result "0-1"]
[WhiteCountry "CAN"]
[BlackCountry "USA"]
[WhiteElo "1934"]
[WhiteRD "81"]
[BlackElo "2128"]
[BlackRD "137"]
[GameID "341294"]

1. e4 c5 2. Nf3 d6 3. d4 Bd7 4. Nc3 Nf6 5. Bg5 cxd4 6. Nxd4 Nc6 7. Qd2 Rc8 8. O-O-O Nxd4 9. Qxd4 Qa5 10. f4 Qc5
11. e5 Qxd4 12. Rxd4 dxe5 13. fxe5 Rc5 14. Be2 Rxe5 15. Bxf6 exf6 16. Rhd1 Bc6 17. Rd8+ Ke7 18. Rc8 g6 19. Bc4 Bh6+
0-1

[Event "Lions Cup Utrecht"]
[Site "SchemingMind.com"]
[Date "2013.11.08"]
[Round "-"]
[White "Juan Jose Rivas Maceda"]
[Black "Greg Magne"]
[Result "1-0"]
[WhiteCountry "PER"]
[BlackCountry "CAN"]
[WhiteElo "2429"]
[WhiteRD "79"]
[BlackElo "1876"]
[BlackRD "73"]
[GameID "341295"]

1. e4 e6 2. d4 d5 3. Nc3 Nf6 4. Bg5 Be7 5. e5 Nfd7 6. h4 c5 7. Bxe7 Qxe7 8. Nb5 O-O 9. Nc7 cxd4 10. Nxa8 Nc6
11. Nf3 Qb4+ 12. Qd2 Qxb2 13. Rc1 Ndxe5 14. Nxe5 Nxe5 15. c3 dxc3 16. Qxc3 Qxc3+ 17. Rxc3 Bd7 18. Nc7 a6 19. Rhh3 Rc8 20. Nxa6 Rxc3
21. Rxc3 bxa6 22. Rc7 Be8 23. Ra7
1-0

[Event "Lions Cup Utrecht"]
[Site "SchemingMind.com"]
[Date "2013.11.03"]
[Round "-"]
[White "smothered mate"]
[Black "Greg Magne"]
[Result "1-0"]
[WhiteCountry "POL"]
[BlackCountry "CAN"]
[WhiteElo "1973"]
[WhiteRD "74"]
[BlackElo "1883"]
[BlackRD "73"]
[GameID "341296"]

1. e4 e5 2. Nf3 Nc6 3. Bc4 Bc5 4. b4 Bxb4 5. c3 Be7 6. d4 Na5 7. Be2 exd4 8. Qxd4 Nf6 9. e5 Nc6 10. Qh4 Nd5
11. Qg3 g6 12. O-O d6 13. c4 Ndb4 14. Nc3 Bf5 15. Bb2 O-O 16. Rad1 Qd7 17. c5 d5 18. a3 Bxc5 19. axb4 Nxb4 20. Qh4 Qd8
21. Ng5 h5 22. g4 Bxg4 23. Bxg4 Be7 24. Nce4
1-0

[Event "Lions Cup Utrecht"]
[Site "SchemingMind.com"]
[Date "2013.11.03"]
[Round "-"]
[White "jsummers"]
[Black "Greg Magne"]
[Result "1-0"]
[WhiteCountry "USA"]
[BlackCountry "CAN"]
[WhiteElo "2050"]
[WhiteRD "155"]
[BlackElo "1962"]
[BlackRD "80"]
[GameID "341297"]

1. e4 c5 2. Nf3 d6 3. d4 cxd4 4. Nxd4 Nf6 5. Nc3 a6 6. Bd3 e5 7. Nb3 Be6 8. O-O Be7 9. f4 Nc6 10. f5 Bd7
11. Kh1 g6 12. Bg5 h6 13. Bxf6 Bxf6 14. fxg6 fxg6 15. Bc4 Be7 16. Bf7+
1-0

[Event "Lions Cup Utrecht"]
[Site "SchemingMind.com"]
[Date "2013.11.08"]
[Round "-"]
[White "MKruger"]
[Black "Juan Jose Rivas Maceda"]
[Result "1-0"]
[WhiteCountry "GER"]
[BlackCountry "PER"]
[WhiteElo "2433"]
[WhiteRD "67"]
[BlackElo "2452"]
[BlackRD "77"]
[GameID "341301"]

1. c4 c5 2. g3 g6 3. Bg2 Bg7 4. Nc3 Nc6 5. Nf3 b6 6. O-O Bb7 7. e3 Nh6 8. d4 Nf5 9. d5 Na5 10. Qd3 Nd6
11. b3 b5 12. cxb5 a6 13. Ba3 c4 14. Qc2 cxb3 15. axb3 Rc8= 16. Bxd6 Bxc3 17. Rac1 exd6 18. Qe4+ Qe7 19. Qd3 Nxb3 20. Rxc3 Nc5
21. Qd4 O-O 22. b6 a5 23. Nd2 a4 24. Ra3 f5 25. Rb1 Rb8 26. Rb4 Rfc8 27. h4 Qf8 28. Qb2 Ba6 29. Bf1 Bb7 30. Rd4 Qf6
31. Qb1 Qd8 32. h5 Kg7 33. Bb5 Qxb6 34. hxg6 hxg6 35. Qb2 Rf8 36. Rb4+ Kg8 37. Bxd7 Qd8 38. Be6+ Nxe6 39. dxe6 Qf6 40. Qxf6 Rxf6
41. Raxa4 Rxe6 42. Rb6 Re7 43. Rab4 g5 44. R4b5 g4 45. Kf1 Rh7 46. Ke1 Rh1+ 47. Ke2 Rh7 48. Kd3 Be4+ 49. Nxe4 Rxb6 50. Rxb6 fxe4+
51. Kxe4 Rf7 52. Rxd6 Rxf2 53. Rg6+ Kf7 54. Rxg4
1-0

[Event "Lions Cup Utrecht"]
[Site "SchemingMind.com"]
[Date "2013.11.04"]
[Round "-"]
[White "MKruger"]
[Black "Greg Magne"]
[Result "1-0"]
[WhiteCountry "GER"]
[BlackCountry "CAN"]
[WhiteElo "2215"]
[WhiteRD "73"]
[BlackElo "1962"]
[BlackRD "80"]
[GameID "341302"]

1. c4 f5 2. g3 Nf6 3. Bg2 e5 4. d4 exd4 5. Qxd4 Nc6 6. Qe3+ Be7 7. Nc3 O-O 8. Nh3 d6 9. O-O Kh8 10. b3 Re8
11. Bb2 Bf8 12. Ng5 Re7 13. Nd5 Rd7 14. Ne6
1-0

[Event "Lions Cup Utrecht"]
[Site "SchemingMind.com"]
[Date "2013.11.04"]
[Round "-"]
[White "MKruger"]
[Black "smothered mate"]
[Result "1-0"]
[WhiteCountry "GER"]
[BlackCountry "POL"]
[WhiteElo "2354"]
[WhiteRD "65"]
[BlackElo "1923"]
[BlackRD "72"]
[GameID "341303"]

1. c4 e6 2. g3 d5 3. Bg2 c5 4. Nf3 Nc6 5. O-O Nf6 6. b3 Be7 7. e3 dxc4 8. bxc4 O-O 9. Bb2 Qb6 10. Qc1 Nb4
11. Ne1 Rd8 12. Nc3 Bd7 13. a3 Nc6 14. Rb1 Qa6 15. d3 Na5 16. Nb5 Rac8 17. Nf3 Bxb5 18. cxb5 Qd6 19. Ne5 Nd7 20. Nxd7 Rxd7
21. Qc3 Bf6 22. Qxa5 Qxd3 23. Bxf6 gxf6 24. Qa4 Qe2 25. b6
1-0

[Event "Lions Cup Utrecht"]
[Site "SchemingMind.com"]
[Date "2013.11.08"]
[Round "-"]
[White "MKruger"]
[Black "jsummers"]
[Result "1-0"]
[WhiteCountry "GER"]
[BlackCountry "USA"]
[WhiteElo "2354"]
[WhiteRD "65"]
[BlackElo "2045"]
[BlackRD "108"]
[GameID "341304"]

1. c4 e5 2. g3 Nf6 3. Bg2 Nc6 4. Nc3 Bc5 5. Nf3 d6 6. d3 h6 7. O-O O-O 8. a3 a6 9. b4 Ba7 10. Bb2 Be6
11. Rc1 Qd7 12. e3 Rac8 13. Re1 Bg4 14. Qc2 Bh3 15. Bh1 Ng4 16. Nd5 Ne7 17. Nxe7+ Qxe7 18. Nh4 c6 19. d4 Bb8 20. e4 Bc7
21. Nf5 Qe6 22. c5 dxc5 23. bxc5 Rfd8 24. d5 cxd5 25. exd5 Qd7 26. d6 Bxd6 27. Nxd6 Rc7 28. f3 b6 29. Nb7 Rxb7 30. c6 Rc7
31. cxd7 Rxc2 32. Rxc2
1-0

[Event "Lions Cup Utrecht"]
[Site "SchemingMind.com"]
[Date "2013.11.08"]
[Round "-"]
[White "Juan Jose Rivas Maceda"]
[Black "MKruger"]
[Result "1/2-1/2"]
[WhiteCountry "PER"]
[BlackCountry "GER"]
[WhiteElo "2452"]
[WhiteRD "77"]
[BlackElo "2433"]
[BlackRD "67"]
[GameID "341305"]

1. e4 e6 2. d4 d5 3. Nc3 Nf6 4. Bg5 Bb4 5. e5 h6 6. Bc1 Ne4 7. Qg4 g6 8. Ne2 Nxc3 9. Nxc3 c5 10. a3 Bxc3+
11. bxc3 Qa5 12. Bd2 Qa4 13. Qf3 cxd4 14. Bd3 dxc3 15. Bxc3 Qh4 16. g3 Qd8 17. Bb4 Nc6 18. Bd6 Nd4 19. Qe3 Nf5 20. Bxf5 gxf5
21. O-O Bd7 22. Rfb1 Bc6= 23. Rb4 h5 24. Rab1 b6 25. h4 Rh7 26. c4 d4 27. Qxd4 Rg7 28. Qf4 Rg4 29. Qh6 Kd7 30. Qxh5 Qg8
31. c5 bxc5 32. Rxg4 fxg4 33. Bxc5 Qg6 34. Qxg6 fxg6 35. Kf1 Bf3 36. Ke1 Rc8 37. Rb5 a6 38. Ra5 Bd5 39. Kd2 Bc4 40. Bd6 Bb5
41. a4 Bf1 42. Bc5 Ke8 43. Ke3 Kf7 44. Kf4 Be2 45. Be3 Rc4+ 46. Kg5 Rc3 47. Rc5 Rxc5 48. Bxc5 Bd1 49. a5 Bf3=
1/2-1/2

[Event "Lions Cup Utrecht"]
[Site "SchemingMind.com"]
[Date "2013.11.04"]
[Round "-"]
[White "Greg Magne"]
[Black "MKruger"]
[Result "0-1"]
[WhiteCountry "CAN"]
[BlackCountry "GER"]
[WhiteElo "1883"]
[WhiteRD "73"]
[BlackElo "2253"]
[BlackRD "73"]
[GameID "341306"]

1. e4 e6 2. d4 d5 3. e5 c5 4. c3 Nc6 5. Nf3 Qb6 6. Bd3 cxd4 7. cxd4 Bd7 8. O-O Nxd4 9. Nxd4 Qxd4 10. Nc3 a6
11. Qe2 Ne7 12. Kh1 Nc6 13. f4 Nb4 14. Bb1 Qc4 15. Qd1 d4 16. a3 dxc3 17. axb4 Bb5 18. Rf3 Rd8 19. Qe1 Bxb4 20. Ba2 Qe4
21. Re3 Qc2 22. bxc3 Rd1 23. cxb4 Bc6
0-1

[Event "Lions Cup Utrecht"]
[Site "SchemingMind.com"]
[Date "2013.11.04"]
[Round "-"]
[White "smothered mate"]
[Black "MKruger"]
[Result "0-1"]
[WhiteCountry "POL"]
[BlackCountry "GER"]
[WhiteElo "1923"]
[WhiteRD "72"]
[BlackElo "2354"]
[BlackRD "65"]
[GameID "341307"]

1. e4 e6 2. d4 d5 3. e5 c5 4. c3 Nc6 5. Nf3 Qb6 6. Be2 cxd4 7. cxd4 Nh6 8. Na3 Bxa3 9. bxa3 Nf5 10. Be3 Qa5+
11. Qd2 Bd7 12. Qxa5 Nxa5 13. Bd2 Nc4 14. Bxc4 dxc4 15. Bb4 Bc6 16. Rd1 Bxf3 17. gxf3 O-O-O 18. Bc3 Rd5 19. Rg1 h5 20. Kd2 Rhd8
21. Kc2 g6 22. Rd2 Nxd4+ 23. Bxd4 Rxd4 24. Rxd4 Rxd4 25. Kc3 Rf4 26. Rg3 Kd7
0-1

[Event "Lions Cup Utrecht"]
[Site "SchemingMind.com"]
[Date "2013.11.04"]
[Round "-"]
[White "jsummers"]
[Black "MKruger"]
[Result "0-1"]
[WhiteCountry "USA"]
[BlackCountry "GER"]
[WhiteElo "2045"]
[WhiteRD "108"]
[BlackElo "2354"]
[BlackRD "65"]
[GameID "341308"]

1. e4 e6 2. d4 d5 3. Nc3 Bb4 4. e5 c5 5. a3 Bxc3+ 6. bxc3 Ne7 7. Nf3 h6 8. Be3 Qa5 9. Bd2 Qa4 10. Qb1 c4
11. Be2 Nbc6 12. O-O O-O 13. Qb2 f6 14. exf6 Rxf6 15. Rfe1 Ng6 16. h4 Rf5 17. g3 b6 18. Bf1 Rxf3 19. Bg2 Rf7 20. Re2 Nge7
21. Bf4 Nf5 22. h5 Bd7 23. Rae1 Qa5 24. Bf3 Raf8 25. Bg2 Nh4 26. Bd6 Nxg2 27. Kxg2 Rc8 28. Re3 b5 29. Qc1 Qb6 30. Bc5 Qc7
31. Qd1 Re8 32. f4 Nd8 33. a4 Nb7 34. Bb4 bxa4 35. Qe2 Nd6 36. Re5 Ne4 37. Qe3 Rf6 38. Ba3 Bc6 39. Rb1 Qf7 40. Rf1 g5
41. Kh2 Qxh5+ 42. Kg2 Qg4 43. Rf3 gxf4
0-1

[Event "Lions Cup Utrecht"]
[Site "SchemingMind.com"]
[Date "2013.11.12"]
[Round "-"]
[White "fanfan_la_Tulipe"]
[Black "Juan Jose Rivas Maceda"]
[Result "0-1"]
[WhiteCountry "AUT"]
[BlackCountry "PER"]
[WhiteElo "1957"]
[WhiteRD "72"]
[BlackElo "2460"]
[BlackRD "80"]
[GameID "341526"]

1. Nf3 Nf6 2. c4 c5 3. Nc3 e6 4. g3 b6 5. Bg2 Bb7 6. O-O d6 7. Re1 Nbd7 8. e4 Rc8 9. b3 Be7 10. Bb2 Qc7
11. d4 cxd4 12. Nxd4 O-O 13. Qe2 Rfd8 14. Rad1 a6 15. Kh1 Bf8 16. f4 g6 17. Nf3 Bg7 18. Rd2 Nc5 19. Ng5 Ne8 20. Red1 h6
21. Nh3 b5 22. cxb5 Bxc3 23. Bxc3 Nxe4 24. Bxe4 Bxe4+ 25. Qxe4 Qxc3 26. bxa6 Ra8 27. Qe2 Qc6+ 28. Kg1 Rxa6 29. Nf2 Qb7 30. Ne4 Rc6
31. Qe3 d5 32. Nf2 Nd6 33. Qe5 Rdc8 34. Ng4 Qa7+ 35. Qe3 Qxe3+ 36. Nxe3 Kg7 37. Rb2 g5 38. Kf1 f5 39. Rdd2 Rc3 40. Ke2 Ne4
41. Rd1 h5 42. Rd3 Rc1 43. fxg5 Rh1 44. Kf3 Nxg5+ 45. Kg2 Rcc1 46. Rc2 Rcg1+ 47. Kf2 Kf6 48. Re2 Ne4+ 49. Kf3 Ke5 50. Rc2 Ng5+
51. Kf2 Ke4
0-1

[Event "Lions Cup Utrecht"]
[Site "SchemingMind.com"]
[Date "2013.11.08"]
[Round "-"]
[White "fanfan_la_Tulipe"]
[Black "Greg Magne"]
[Result "1/2-1/2"]
[WhiteCountry "AUT"]
[BlackCountry "CAN"]
[WhiteElo "1982"]
[WhiteRD "71"]
[BlackElo "1876"]
[BlackRD "73"]
[GameID "341527"]

1. Nf3 d5 2. e3 c5 3. b3 Nc6 4. Bb5 Nf6 5. Bb2 e6 6. Ne5 Qc7 7. f4 Bd6 8. O-O O-O 9. Bxc6 bxc6 10. d3 Nd7
11. Nxd7 Qxd7 12. Nd2 Qe7 13. Nf3 Ba6 14. c4 f6 15. Qd2 Rad8 16. Qa5 Bc8 17. Rac1 e5 18. fxe5 fxe5 19. cxd5 cxd5 20. e4 d4
21. Rc2 Bg4 22. Rcf2 Bxf3 23. Rxf3 Rxf3 24. Rxf3 Rf8 25. Rxf8+ Kxf8 26. Qd2 Qh4 27. Qf2+ Qxf2+ 28. Kxf2 Kf7 29. Kf3 Kf6 30. h4 h5
31. Bc1 Ke6 32. Bg5 Kf7 33. g3 Kg6 34. Bd8 Kf7 35. Ke2 Ke6 36. Kd2 Kd7 37. Ba5=
1/2-1/2

[Event "Lions Cup Utrecht"]
[Site "SchemingMind.com"]
[Date "2013.11.07"]
[Round "-"]
[White "fanfan_la_Tulipe"]
[Black "smothered mate"]
[Result "1-0"]
[WhiteCountry "AUT"]
[BlackCountry "POL"]
[WhiteElo "1957"]
[WhiteRD "71"]
[BlackElo "1893"]
[BlackRD "77"]
[GameID "341528"]

1. Nf3 d5 2. e3 c5 3. b3 Nc6 4. Bb5 Bd7 5. Bb2 f6 6. d4 cxd4 7. exd4 Qa5+ 8. Nc3 e6 9. O-O Bd6 10. Re1 Nge7
11. a3 O-O 12. b4 Qc7 13. Ba4 a6 14. Bb3 Kh8 15. Na4 Rae8 16. Nc5 Bc8 17. Nxe6 Bxe6 18. Rxe6 Qd7 19. Re2 Qg4 20. h3 Qh5
21. c4 dxc4 22. Bxc4 Nd5 23. Bxd5 Qxd5 24. Qd2 Rd8 25. Qc3 Rc8 26. Qd2 Rcd8 27. Rd1 Qc4 28. Qd3 Qd5 29. Qe4 Ne7 30. Qxd5 Nxd5
31. g3 b5 32. Nd2 f5 33. Nb3 f4 34. Nc5 fxg3 35. fxg3 Rf3 36. Rd3 Rxd3 37. Nxd3 Bxg3 38. Kg2 Nf4+ 39. Nxf4 Bxf4 40. Kf3 Bd6
41. Re6 Kg8 42. Ke4 Kf7 43. d5 g6 44. Be5 Bb8 45. Bxb8 Rxb8 46. Rxa6 Re8+ 47. Kd4 Re1 48. a4 bxa4 49. Rxa4 Rd1+ 50. Kc5 Ke7
51. Ra7+ Kd8 52. Rxh7 g5 53. b5 Rf1 54. b6
1-0

[Event "Lions Cup Utrecht"]
[Site "SchemingMind.com"]
[Date "2013.11.12"]
[Round "-"]
[White "fanfan_la_Tulipe"]
[Black "jsummers"]
[Result "0-1"]
[WhiteCountry "AUT"]
[BlackCountry "USA"]
[WhiteElo "1961"]
[WhiteRD "74"]
[BlackElo "2060"]
[BlackRD "102"]
[GameID "341529"]

1. Nf3 c5 2. c4 Nc6 3. Nc3 Nf6 4. g3 g6 5. Bg2 e5 6. O-O Bg7 7. d3 O-O 8. a3 d6 9. Rb1 h6 10. b4 Qc7
11. bxc5 dxc5 12. Nb5 Qe7 13. e4 b6 14. Nc3 Bg4 15. h3 Bd7 16. Be3 g5 17. Nd5 Qd6 18. Nh2 Nd4 19. Nc3 Rfd8 20. f4 gxf4
21. gxf4 Nc6 22. Qd2 Nh5 23. Nd5 exf4 24. Nxf4 Nxf4 25. Rxf4 Ne5 26. Bf1 Bc6 27. Qc2 h5 28. Rf5 Nxd3 29. Qg2 Qg6 30. Rg5 Qh7
31. Be2 Bxe4 32. Qg3 h4 33. Qg4 Ne5 34. Qf4 Bxb1 35. Qxe5 Kf8 36. Qf4 Bh6 37. Qxh4 Re8 38. Ng4 Bxg5 39. Qxg5 Re6 40. Nf6 Qg7
41. Qxg7+ Kxg7 42. Nd5 Rh8 43. Bg4 f5 44. Bf3 Rxh3 45. Kg2 Rh7 46. Bf4 Be4
0-1

[Event "Lions Cup Utrecht"]
[Site "SchemingMind.com"]
[Date "2013.11.09"]
[Round "-"]
[White "fanfan_la_Tulipe"]
[Black "MKruger"]
[Result "0-1"]
[WhiteCountry "AUT"]
[BlackCountry "GER"]
[WhiteElo "1982"]
[WhiteRD "71"]
[BlackElo "2354"]
[BlackRD "65"]
[GameID "341530"]

1. Nf3 Nf6 2. c4 c5 3. Nc3 e6 4. g3 b6 5. Bg2 Bb7 6. O-O Be7 7. Re1 d6 8. e4 a6 9. d4 cxd4 10. Nxd4 Qc7
11. Qe2 Nbd7 12. Bd2 O-O 13. Rac1 Rfe8 14. h3 Rac8 15. b3 Bf8 16. Qd1 Qb8 17. Kh2 Nc5 18. Bg5 Be7 19. f4 g6 20. Qe2 e5
21. fxe5 dxe5 22. Nc2 b5 23. cxb5 Nxb3 24. axb3 Rxc3 25. bxa6 Bxa6 26. Qxa6 Ng4+ 27. hxg4 Bxg5 28. Ne3 Rxe3 29. Rxe3 Bxe3 30. Qc4 Bxc1
0-1

[Event "Lions Cup Utrecht"]
[Site "SchemingMind.com"]
[Date "2013.11.12"]
[Round "-"]
[White "Juan Jose Rivas Maceda"]
[Black "fanfan_la_Tulipe"]
[Result "1-0"]
[WhiteCountry "PER"]
[BlackCountry "AUT"]
[WhiteElo "2460"]
[WhiteRD "80"]
[BlackElo "1957"]
[BlackRD "72"]
[GameID "341531"]

1. e4 e5 2. Nf3 Nc6 3. Bb5 a6 4. Ba4 Nf6 5. O-O b5 6. Bb3 Bb7 7. Re1 Bc5 8. c3 d6 9. d4 Bb6 10. a4 h6
11. Be3 O-O 12. d5 Na7 13. Bxb6 cxb6 14. axb5 Nxb5 15. Nbd2 Nc7 16. Nc4 Nce8 17. Nfd2 Nd7 18. Bc2 Qc7 19. Ne3 g6 20. Qg4 Ndf6
21. Qh4 Kg7 22. Rad1 Nh5 23. g3 Qd8 24. Qxd8 Rxd8 25. Ndc4 b5 26. Na5 Bc8 27. Nc6 Rd7 28. Ra1 Nhf6 29. Rec1 Nc7 30. f3 Ng8
31. c4 Ne7 32. cxb5 Nxb5 33. Ba4 Rc7 34. Nxe7 Rxe7 35. Bxb5 axb5 36. Rc6 Rd7 37. Ra5 Bb7 38. Rb6 Rc8 39. Raxb5 Ba8 40. Rb8 Rxb8
41. Rxb8 Bb7 42. b4 Kf6 43. Nc4
1-0

[Event "Lions Cup Utrecht"]
[Site "SchemingMind.com"]
[Date "2013.11.08"]
[Round "-"]
[White "Greg Magne"]
[Black "fanfan_la_Tulipe"]
[Result "0-1"]
[WhiteCountry "CAN"]
[BlackCountry "AUT"]
[WhiteElo "1876"]
[WhiteRD "73"]
[BlackElo "1982"]
[BlackRD "71"]
[GameID "341532"]

1. e4 e5 2. Nf3 Nc6 3. Bb5 a6 4. Ba4 Nf6 5. O-O b5 6. Bb3 Bb7 7. Re1 Bc5 8. c3 d6 9. d4 Bb6 10. Bg5 h6
11. Bh4 g5 12. Bg3 Qe7 13. a4 h5 14. axb5 axb5 15. Rxa8+ Bxa8 16. h4 g4 17. Ng5 Nd8 18. Na3 Nd7 19. f3 f6 20. f4 fxg5
21. fxg5 b4 22. Nc4 bxc3 23. bxc3 Nc6 24. Nxb6 Nxb6 25. dxe5 Nxe5 26. Qd4 Bc6 27. Rf1 Rf8 28. Rf5 Bd7 29. Rxe5 dxe5 30. Bxe5 Qa3
31. Bxc7 Qxb3 32. Bxb6 Qb1+ 33. Kh2 g3+ 34. Kxg3 Qe1+ 35. Kh2 Qxh4+ 36. Kg1 Qxg5 37. Bc5 Qc1+ 38. Kh2 Qf4+ 39. Kg1 Rg8 40. Qd5 Qg4
41. Qe5+ Be6 42. Qb8+ Kf7 43. Qc7+ Kg6 44. e5 Kf5 45. Qc6 Qd1+ 46. Kh2 Qd5
0-1

[Event "Lions Cup Utrecht"]
[Site "SchemingMind.com"]
[Date "2013.11.08"]
[Round "-"]
[White "smothered mate"]
[Black "fanfan_la_Tulipe"]
[Result "0-1"]
[WhiteCountry "POL"]
[BlackCountry "AUT"]
[WhiteElo "1973"]
[WhiteRD "74"]
[BlackElo "2009"]
[BlackRD "77"]
[GameID "341533"]

1. e4 e5 2. Nf3 Nc6 3. Bc4 Nf6 4. O-O Nxe4 5. Re1 d5 6. d4 exd4 7. Bxd5 Qxd5 8. Nc3 Qh5 9. Nxe4 Be6 10. Bg5 Bd6
11. Nxd6+ cxd6 12. Re4 Qg6 13. Qe2 O-O 14. h4 Bf5 15. h5 Qxh5 16. Rh4 Qg6 17. Rc1 Rfe8 18. Qb5 Ne5
0-1

[Event "Lions Cup Utrecht"]
[Site "SchemingMind.com"]
[Date "2013.11.12"]
[Round "-"]
[White "jsummers"]
[Black "fanfan_la_Tulipe"]
[Result "1-0"]
[WhiteCountry "USA"]
[BlackCountry "AUT"]
[WhiteElo "2080"]
[WhiteRD "103"]
[BlackElo "1957"]
[BlackRD "71"]
[GameID "341534"]

1. e4 e5 2. Nf3 Nc6 3. d4 exd4 4. Nxd4 Bc5 5. Nxc6 Qf6 6. Qd2 dxc6 7. Bd3 Ne7 8. Qf4 Ng6 9. Qxf6 gxf6 10. Nd2 Nf4
11. Bf1 Rg8 12. Nb3 Bb4+ 13. c3 Bd6 14. g3 Nh3 15. Be3 Ng5 16. Nd2 Bg4 17. Bg2 O-O-O 18. f3 Bd7 19. O-O-O Kb8 20. Nc4 Be7
21. f4 Ne6 22. f5 Nc5 23. Rd4 Na4 24. Rhd1 Kc8 25. R4d2 Nb6 26. Na5 Bd6 27. Rxd6 cxd6 28. Rxd6 Be8 29. Rxd8+ Kxd8 30. Nxb7+ Kc7
31. Na5 Nd7 32. Bxa7 Ne5 33. Kc2 Bd7 34. Be3 h5 35. Bf4 h4 36. Nc4 hxg3 37. hxg3 Re8 38. a4 c5 39. b3 Bc6 40. a5 Kd7
41. Bxe5 fxe5 42. Ne3 Rh8 43. b4 Rh2 44. Kd1 Kc7 45. Ke1 Kb7 46. Kf1 Rh8 47. Ng4 Re8 48. Kf2 Bb5 49. Ne3 Bd3 50. Bf3 Kc6
51. Bh5 Re7 52. Bxf7 Rxf7 53. Ng4
1-0